00486nam a2200169Ia 450000500170000000800410001708200130005810000210007124500290009225000080012126000360012930000130016565000180017894200060019695200990020299900150030120250324043141.0240331s9999 xx 000 0 und d bRAJa894 aRajanarayanan, K 0aKarisal kaaddu kaduthasi a2nd aShivagangaibAnam Pvt Ltdc1991 a236 p ., aShort Stories cL 001040708LaWERCLbWERCLcSSCd2024-03-31l0o 894.811 RAJp1426r2024-03-31w2024-03-31yL c4007d4007